000
00207nam a2200085Ia 4500
008
120527s9999 xx 000 0 und d
100
_a
ADEGBOYE, R.O
245
_a
The Nigerian field vol-68 parts 1
942
_c
BK
999
_c
25229
_d
25229